Les 20 villes les plus peuplées d'Île-et-Vilaine (40) - Statistiques

Statistiques générales
  • Ce quiz a été pris 3 fois
  • Le résultat moyen est 7 sur 20
Statistiques - réponses
HINT HINT ANSWER % Correct
15 412 B Biscarrosse
100%
21 716 D Dax
100%
31 455 M Mont-de-Marsan
100%
14 114 S Saint-Paul-lès-Dax
100%
12 900 T Tarnos
67%
6 215 A Aire-sur-l'Adour
33%
9 218 C Capbreton
33%
7 095 L Labenne
33%
7 449 M Mimizan
33%
7 463 P Parentis-en-Born
33%
8 051 S Saint-Vincent-de-Tyrosse
33%
4 662 S Sanguinet
33%
8 445 S Soustons
33%
4 622 H Hagetmau
0%
5 005 M Morcenx-la-Nouvelle
0%
6 194 O Ondres
0%
6 123 S Saint-Martin-de-Seignanx
0%
9 996 S Saint-Pierre-du-Mont
0%
5 038 S Saint-Sever
0%
3 914 S Seignosse
0%
Aucun quiz correspondant
Distribution des résultats
% des personnes avec chaque résultat
Percentile par nombre de réponses
Votre historique - résultats
Vous n’avez pas pris ce quiz